| 000 | 00917nam a2200277 a 4500 | ||
|---|---|---|---|
| 001 | BRCA_5604 | ||
| 005 | 20190320205141.0 | ||
| 008 | 210211t1903----enka######---#000-0#eng-# | ||
| 041 | _aeng | ||
| 044 | _aenk | ||
| 050 | 4 |
_aDP402.T6 _b.W55 1903 |
|
| 100 | 1 |
_aWilliams, Leonard _913189 |
|
| 245 | 1 | 0 |
_aToledo and Madrid _btheir records and romances _cby Leonard Williams ; with fifty-five full-page illustrations chiefly from photographs and drawings by the author. |
| 260 |
_aLondres _bcassell _c1903 |
||
| 300 |
_a256 p. _bil., 35 láminas _c26 cm. |
||
| 500 | _aIncluye índice onomástico | ||
| 500 | _aCon una dedicatoria | ||
| 500 | _aEdición con cantos dorados | ||
| 500 | _aF82 | ||
| 650 | 1 | 4 |
_aViajeros ingleses _97018 |
| 651 | 4 |
_aToledo, España _xDescripción _914286 |
|
| 651 | 4 |
_aMadrid _xDescripción _911286 |
|
| 651 | 4 |
_aEspaña _xDescripción y viajes _97912 |
|
| 902 | _aGFM | ||
| 942 |
_2lcc _cB |
||
| 999 |
_c5298 _d5298 |
||